Statystyki dla Dopasuj symbol pierwiastka

Kliknij tutaj aby rozwiązać quiz!

Ogólne statystyki

  • Ten quiz został rozwiązany 79 razy
  • Średni wynik to 12 z 15

Statystyki odpowiedzi

Nazwa pierwiastkuSymbol pierwiastku% Poprawnych
WodórH
99%
BerylBe
89%
HelHe
89%
PotasK
88%
RadRa
88%
ŻelazoFe
87%
AzotN
87%
RutenRu
86%
ZłotoAu
84%
OganesonOg
84%
FransFr
83%
SrebroAg
80%
RtęćHg
71%
PlatynaPt
59%
AntymonSb
29%

Rozkład punktacji

Percentyl według liczby udzielonych odpowiedzi

Procent ludzi z każdym wynikiem

Twoja historia wyników

Nie rozwiązałeś tego quizu